|
|
|
|
| LEADER |
00000nab a2200000ua 4500 |
| 001 |
vtls010748825 |
| 003 |
SK-MaSNL |
| 005 |
20260304201757.0 |
| 008 |
250718s1977 xo |||||||||||||||||slo| |
| 035 |
|
|
|a (urnnbn)urn:nbn:sk:snk:ar-a01nfx
|
| 035 |
|
|
|a (uuid)e01be1a1-3560-4da0-98d9-e2f35035a3ed
|
| 035 |
|
|
|a urn:nbn:sk:snk-ab4fqh
|
| 040 |
|
|
|a SNKBUCL
|b slo
|c SNKBUCL
|e AACR2
|
| 041 |
0 |
|
|a cze
|
| 044 |
|
|
|a xo
|c SK
|
| 100 |
1 |
|
|a Krejčík, V.
|4 aut
|9 1129682
|
| 245 |
1 |
0 |
|a Římský hrách
|c V. Krejčík
|
| 773 |
0 |
|
|t Naše liečivé rastliny
|g Roč. 14, č. 5 (1977), s. 158-159
|
| 850 |
|
|
|a Slovenská národná knižnica
|
| 852 |
|
|
|a Slovenská národná knižnica
|
| 954 |
|
|
|a odborná, vedecká literatúra pôvodná (slovenská)
|2 lita
|
| 954 |
|
|
|a odborná, vedecká literatúra cudzojazyčná (svetová)
|2 lita
|
| 958 |
|
|
|a article3
|
| 958 |
|
|
|a OND
|
| 958 |
|
|
|a EUIPO
|
| 999 |
|
|
|c 3097939
|d 3099869
|